000 01407ncm0a2200361 4500
001 RU\NLR\ONIZ\215225
005 20250626044839.0
021 _aRU
_b10-89н
_910-10н
035 _aRU\NLR\ONIZ\natafirs\5000001281\20161026123654
035 _a(NLR Aleph) 011337581
090 _a11171416
_c11171416
100 _a20161026d2000 |||y0rusy50 ca
101 0 _arus
102 _aRU
125 _aac
200 1 _aЕксапостиларии и Светильны
_bНоты
_eдля небольшого смеш. хора [без сопровожд.]
_fсост. Е. С. Кустовский
_gпредисл. Е. Кустовского и Е. Манакова
208 _a[Хоровая партитура]
210 _aМосква
_d2000
215 _a86 с.
_cцв. ил.
_d30 см
686 _aЩ99(28)я43
_vLBC/SL
_2rubbk
702 1 _9z03790
_aКустовский
_bЕ. С.
_f1951-
_gЕвгений Сергеевич
_4220
702 1 _9z04790
_aМанакова
_bЕ.
_4770
790 1 _9z03702
_aKustovskij
_bE. S.
_f1951-
_gEvgenij Sergeevich
_4220
790 1 _9z04702
_aManakova
_bE.
_4770
801 0 _aRU
_bNLR
_c20161026
_gPSBO
801 1 _aRU
_bNLR
_c20161026
_2rusmarc
801 2 _aRU
_bNLR
_c20190630
852 _aNLR
_bМ
_jК-3/24430
_pМОЭ 2010-10н/89н
_t1
852 _aNLR
_bМ
_jК-3/24430а
_pМОЭ 2010-10н/89на
_t2
942 _cSCORE
980 _aNB
980 _aONIZ